Guess The Country By Car Brands - Statistics

General Stats
  • This quiz has been taken 178 times
  • The average score is 24 of 36
Answer Stats
Hint Answer % Correct
BMW Germany
93%
Ford USA
89%
Toyota Japan
87%
Mercedes Germany
81%
Ferrari Italy
81%
Audi Germany
80%
Volkswagen Germany
80%
Tesla USA
80%
Lamborghini Italy
79%
Fiat Italy
76%
Bentley UK
75%
Chevrolet USA
73%
Rolls-Royce UK
72%
Nissan Japan
71%
Volvo Sweden
71%
Citroen France
69%
Renault France
69%
Porsche Germany
69%
Aston Martin UK
69%
Peugeot France
68%
Alfa Romeo Italy
67%
Kia South Korea
67%
Mazda Japan
65%
Gmc USA
62%
Pagani Italy
61%
Tata India
58%
Mini UK
58%
Jaguar UK
58%
Opel Germany
53%
Saab Sweden
51%
Bugatti France
47%
Koenigsegg Sweden
47%
Daihatsu Japan
45%
Holden Australia
40%
Zenvo Denmark
33%
Scion Japan
26%
No matching quizzes found
Score Distribution
Percent of People with Each Score
Percentile by Number Answered
Your Score History
You have not taken this quiz